000 00959nam a22002537a 4500
003 OSt
005 20190219073717.0
008 180307b xxu||||| |||| 00| 0 spa d
020 _a9505690029 (v.1)
020 _a9505690193 (v.2)
040 _cPJ
100 _93752
_aMoreira, Laureano Arturo
245 1 4 _aContratos sobre departamentos en construcción /
_cLaureano Arturo Moreira.
260 _aBuenos Aires :
_bÁbaco,
_c1985-1988.
300 _a2 v.
_c23 cm.
500 _aNotas y citas a pie de página.
505 _aContenido: v. 1: La comercialización por empresa. Los boletos de compraventa. El régimen prehorizontal. v. 2: Construcción por consorcio. Condominio o sociedad. Consorcio de empresas.
650 0 _9352
_aDERECHO CIVIL
650 0 _93463
_aCONTRATOS
650 0 _92239
_aCOMPRAVENTA INMOBILIARIA
650 0 _93413
_aBOLETO DE COMPRAVENTA
650 0 _92253
_aCONDOMINIO
942 _2udc
_cLIB
_h347.451
_iMOR
999 _c2362
_d2362